000 01067nam a2200217 i 4500
001 158579
003 ES-MaACL
005 20230906211224.0
008 000111s1850 sp ab |||| | spa d
100 1 _aMalo, Nicolás.
_9129394
245 1 0 _aEstudios sobre el proyecto europeo de la unión de los tres mares Mediterráneo, Cantábrico y Atlántico por el Ebro y el Duero, el Canal Imperial y el de Castilla /
_cpor Nicolás Malo.
260 _aMadrid :
_b[s.n.],
_c1850 (
_fEstab. tip. de Aguirre y Compañía)
300 _a230 p., 1 h. de mapa pleg. ;
_c16 cm.
500 _aMapas y planos incluidos: [1. España. N. Canales. 1850.]
530 _aDisponible en formato digital.
597 _aAntep.
651 4 _aCanal de Castilla.
_9150423
651 4 _aCanal Imperial de Aragón.
_9169494
852 4 _aES-MaACL
_jT-39-F-3
_z- Enc. hol., falto de cub. original
_z- Enc. en un vol. facticio
_z- Dedicatoria autógrafa del autor
856 4 _uhttps://bibliotecadigital.jcyl.es/es/consulta/registro.do?id=1095
_zBiblioteca Digital de Castilla y León
999 _c158579
_d158579